Diccionario de artistas de Cataluña, Valencia y Baleares / (Record no. 56231)

MARC details
000 -LEADER
campo de control de longitud fija 00798nam a2200217 i 4500
001 - NÚMERO DE CONTROL
campo de control 56231
003 - IDENTIFICADOR DE NÚMERO DE CONTROL
campo de control ES-MaACL
005 - FECHA Y HORA DE LA ÚLTIMA TRANSACCIÓN
campo de control 20250820122714.0
007 - CAMPO FIJO DE DESCRIPCIÓN FÍSICA--INFORMACIÓN GENERAL
campo de control de longitud fija t|
008 - DATOS DE LONGITUD FIJA--INFORMACIÓN GENERAL
campo de control de longitud fija 031006m19801981sp ||||1| spa d
020 ## - NÚMERO INTERNACIONAL ESTÁNDAR DEL LIBRO
Número Internacional Estándar del Libro 84-248-0506-2
245 00 - MENCIÓN DEL TÍTULO
Título Diccionario de artistas de Cataluña, Valencia y Baleares /
Mención de responsabilidad, etc. dirigido por J.F. Ráfols.
250 ## - MENCION DE EDICION
Mención de edición Nueva ed.
260 ## - PUBLICACIÓN, DISTRIBUCIÓN, ETC.
Lugar de publicación, distribución, etc. Barcelona :
Nombre del editor, distribuidor, etc. Edicions Catalanes ;
Lugar de publicación, distribución, etc. Bilbao :
Nombre del editor, distribuidor, etc. La Gran Enciclopedia Vasca,
Fecha de publicación, distribución, etc. 1980-1981.
300 ## - DESCRIPCIÓN FÍSICA
Extensión 5 v. :
Otras características físicas il. ;
Dimensiones 24 cm.
505 8# - NOTA DE CONTENIDO CON FORMATO
Nota de contenido con formato Contiene: V. I: A-C. -- V. II: C-L. -- V. III: L-P. -- V. IV: P-T. -- V. V: T-Z, Apéndice
650 #4 - PUNTO DE ACCESO ADICIONAL DE MATERIA--TÉRMINO DE MATERIA
Término de materia o nombre geográfico como elemento de entrada Artistas-
Subdivisión geográfica Cataluña-
Subdivisión de forma Biografías.
9 (RLIN) 155128
700 1# - ENTRADA AGREGADA--NOMBRE PERSONAL
Nombre de persona Ràfols, Josep F.,
Fechas asociadas al nombre 1889-1965
9 (RLIN) 132216
852 ## - LOCALIZACIÓN
Ubicación ES-MaACL
Número de control de estantería L-12887-91
Sublocalización o colección R.112508
Holdings
Estatus retirado Estado de pérdida Estado de daño No para préstamo Colección Biblioteca de origen Biblioteca actual Ubicación en estantería Fecha de adquisición Fuente de adquisición Total de préstamos Signatura topográfica completa Código de barras Visto por última vez Precio de reemplazo Tipo de ítem Koha
        Colección de referencia Biblioteca del Ateneo de Madrid Biblioteca del Ateneo de Madrid Depósito 2 17/01/2008     L-12887-91 1059065 23/02/2023 23/02/2023 Libro impreso